Wet - Dazey and the Scouts (All Lyrics) - Statistics

General Stats
  • This quiz has been taken 59 times
  • The average score is 229 of 278
Answer Stats
Answer % Correct
be
100%
my
100%
My
100%
bedroom
97%
I
97%
in
97%
the
97%
wet,
97%
wet
97%
All
95%
all
95%
alone
95%
alone,
95%
between
95%
it
95%
It
95%
it's
95%
It's
95%
thighs
95%
wetter
95%
and
92%
And
92%
go
92%
gone
92%
know
92%
know,
92%
lights
92%
roommate
92%
so
92%
space
92%
than
92%
you
92%
eyes
90%
me
90%
on
90%
over
90%
tear
90%
But
87%
depressing
87%
much
85%
Oh
85%
oh
85%
oh,
85%
Oh,
85%
turned
85%
With
85%
cling
82%
face
82%
feel
82%
how
82%
I'm
82%
keep
82%
of
82%
still
82%
cry
79%
don't
79%
down
79%
stupid
79%
this
79%
your
79%
anyone
77%
miss
77%
smokin'
77%
dry
74%
hand
74%
own
74%
sometimes,
74%
that
74%
thinkin'
74%
time
74%
about
72%
are
72%
can't
72%
caressin'
72%
'Cause
72%
cold
72%
cold,
72%
fantasy
72%
gun
72%
have
72%
help
72%
keeps
72%
need
72%
remind
72%
right-
72%
deepest
69%
ducts
69%
feet
69%
makes
69%
or
69%
run
69%
six
69%
'Til
69%
under
69%
girl
67%
like
67%
taste
67%
come
64%
dark
64%
first
64%
only
64%
tears
64%
Both
62%
earth
62%
last
62%
nearly
59%
nights
59%
Where
59%
wouldn't
59%
lettin'
56%
could
54%
guess
51%
From
44%
orgasmic
44%
if
41%
not
41%
plasmic
41%
runs
41%
blood
38%
They're
36%
thoughts
36%
No matching quizzes found
Score Distribution
Percent of People with Each Score
Percentile by Number Answered
Your Score History
You have not taken this quiz